[Event "Dreszer op"]
[Site "Gdynia"]
[Date "1989.??.??"]
[Round "2"]
[White "Piechocki, Franciszek"]
[Black "Szymczak, Zbigniew"]
[Result "0-1"]
[WhiteElo "2255"]
[BlackElo "2400"]

1.d4 Nf6 2.Nf3 g6 3.c4 Bg7 4.Nc3 O-O 5.e4 d6 6.Be2 Nbd7 7.O-O e5 8.d5 Nc5
9.Qc2 a5 10.a3 a4 11.Be3 Nfd7 12.Nd2 f5 13.f3 f4 14.Bf2 Bf6 15.Nb5 Rf7 16.b4 axb3
17.Nxb3 Nxb3 18.Qxb3 Nc5 19.Qb4 Ra4 20.Qe1 h5 21.Nc3 Ra8 22.a4 g5 23.Nb5 g4
24.Qb4 Na6 25.Qc3 Rg7 26.c5 g3 27.hxg3 fxg3 28.Be3 Nxc5 29.Bxc5 dxc5 30.Qxc5 b6
31.Qe3 Bg5 32.f4 exf4 33.Qd4 Bg4 34.Bf3 Be7 35.Rac1 Bc5 36.Rxc5 bxc5 37.Qe5 Qh4  0-1

[Event "Dreszer op"]
[Site "Gdynia"]
[Date "1989.??.??"]
[Round "9"]
[White "Ostrowski, Leszek"]
[Black "Chalupnik, Marcin"]
[Result "1-0"]
[WhiteElo "2380"]
[BlackElo "2300"]

1.d4 Nf6 2.Nf3 g6 3.c4 Bg7 4.Nc3 O-O 5.e4 d6 6.Be2 e5 7.Be3 Nbd7 8.O-O exd4
9.Nxd4 c6 10.Qd2 Nc5 11.f3 a5 12.Rfd1 Nfd7 13.Bh6 Bxh6 14.Qxh6 Qb6 15.Rab1 Ne5
16.Kh1 a4 17.f4 Ned7 18.Nf3 Nf6 19.Ng5 Qc7 20.Rxd6 Ne6 21.e5 Nxg5 22.exf6 Ne6
23.Ne4 Rd8 24.Ng5  1-0

[Event "Geneve YM"]
[Site "Geneve"]
[Date "1989.??.??"]
[Round "?"]
[White "Batchinsky, Stephane"]
[Black "Chabanon, Jean Luc"]
[Result "0-1"]
[WhiteElo "2200"]
[BlackElo "2250"]

1.Nf3 g6 2.c4 Bg7 3.Nc3 Nf6 4.e4 O-O 5.d4 d6 6.Be2 e5 7.dxe5 dxe5 8.Qxd8 Rxd8
9.Bg5 c6 10.O-O Re8 11.h3 Nbd7 12.Be3 Nh5 13.Rfd1 Bf8 14.Ne1 Ng7 15.Nc2 Ne6
16.Rd2 Bc5 17.Bxc5 Nexc5 18.b4 Ne6 19.Rad1 Nf6 20.c5 a5 21.a3 axb4 22.axb4 Kf8
23.Bc4 Ke7 24.f3 h5 25.Rd6 Rg8 26.Bb3 g5 27.Na4 g4 28.hxg4 hxg4 29.Kf2 gxf3
30.gxf3 Nf4 31.Ne3 Bh3 32.Rh1 Rg5 33.Rh2 Be6 34.Bc2 Rag8 35.Rd1 Nh3+ 36.Ke2 Ng1+
37.Kf2 Rg3 38.Rg2 Nh3+ 39.Kf1 Rxf3+ 40.Ke2 Rxe3+  0-1

[Event "Geneve YM"]
[Site "Geneve"]
[Date "1989.??.??"]
[Round "?"]
[White "Maric, Alisa"]
[Black "Flueckiger, Christian"]
[Result "1/2-1/2"]
[WhiteElo "2355"]
[BlackElo "2245"]

1.Nf3 g6 2.c4 Bg7 3.Nc3 d6 4.d4 Nd7 5.e4 e5 6.Be2 Ngf6 7.O-O O-O 8.Qc2 exd4
9.Nxd4 Re8 10.Be3 Nc5 11.f3 c6 12.Rad1 Qe7 13.b4 Ne6 14.Rfe1 Nh5 15.Nxe6 Bxe6
16.Qc1 a5 17.a3 axb4 18.axb4 f5 19.exf5 gxf5 20.Bd4 Be5 21.Bxe5 dxe5 22.Bf1 Qg7
23.Rd6 Kh8 24.Qb2 Nf4 25.Nd1 Rad8 26.Rxd8 Rxd8 27.Nf2 Bxc4 28.Qxe5 Qxe5 29.Rxe5 Bxf1
30.Kxf1 Rf8 31.g3 Nd5 32.b5 f4 33.gxf4 Rxf4 34.Kg2 Kg7 35.Ne4 Rf5 36.Re8 Rf8
37.Re5 Rf5 38.Re8 Rf8 39.Re5  1/2-1/2

[Event "BL2-SW8889"]
[Site "Germany"]
[Date "1989.??.??"]
[Round "?"]
[White "Roeschlau, Bernd"]
[Black "Kratochwil, Christian"]
[Result "1/2-1/2"]
[WhiteElo "2310"]
[BlackElo "2310"]

1.d4 Nf6 2.c4 g6 3.Nc3 Bg7 4.e4 d6 5.Nf3 O-O 6.Be2 e5 7.O-O Nbd7 8.Re1 c6
9.Bf1 a5 10.Rb1 Re8 11.d5 Nc5 12.b3 Bd7 13.Nd2 Bh6 14.a3 cxd5 15.cxd5 b5
16.b4 axb4 17.Rxb4 Rb8 18.h3 Na6 19.Rb1 Nc7 20.Nf3 Bxc1 21.Qxc1 Nh5 22.Qh6 Qf6
23.Rb3 Nf4 24.Ne2 Nxe2+ 25.Bxe2 Na6 26.Reb1 Nc5 27.Rb4 Ra8 28.Qe3 Qf4 29.Qxf4 exf4
30.Bxb5 Bxb5 31.Rxb5 Nxe4 32.Re1 Rxa3 33.Ng5 Nf6 34.Rxe8+ Nxe8 35.Rb8 Ra1+
36.Kh2 Re1 37.f3 Re7 38.Ne4 Kg7 39.Rd8 Re5 40.Rd7 Nf6 41.Nxf6 Kxf6 42.Rxd6+ Ke7
43.Ra6 Rxd5 44.Ra4 g5  1/2-1/2

[Event "BL2-N8889"]
[Site "Germany"]
[Date "1989.??.??"]
[Round "?"]
[White "Dankert, Peter"]
[Black "Panzer, Peter"]
[Result "1-0"]
[WhiteElo "2255"]
[BlackElo "2270"]

1.d4 Nf6 2.Nf3 g6 3.c4 Bg7 4.Nc3 O-O 5.e4 d6 6.Be2 e5 7.d5 a5 8.Bg5 h6 9.Bh4 Na6
10.Nd2 Qe8 11.a3 Bd7 12.b3 Nh7 13.f3 h5 14.Rb1 Bh6 15.Bf2 Qe7 16.b4 axb4
17.axb4 h4 18.Rb2 f5 19.O-O Bf4 20.Re1 Qg5 21.Nf1 Nf6 22.Bd3 Nh5 23.c5 Bg3
24.hxg3 hxg3 25.Nxg3 Nxg3 26.exf5 gxf5 27.c6 bxc6 28.dxc6 Be6 29.f4 Qh4 30.Bxg3 Qxg3
31.Qd2 e4 32.Bxa6 Rxa6 33.Ne2 Qg7 34.Nd4 Bc8 35.Rb3 Rf6 36.Qc3 Rg6 37.Rb2 Ra8
38.Re3 Ra1+ 39.Re1 Ra8 40.Re3 Ra1+ 41.Re1 Ra8 42.b5 Kf8 43.Rd2 Ra4 44.Red1 Rh6
45.Qb3 Ra7 46.b6 cxb6 47.Qxb6 Qc7 48.Qb3 Qh7 49.Ne2 Rg7 50.Rxd6 Rh1+ 51.Kf2 Rxg2+
52.Ke3 Rh3+ 53.Kd4 Rxb3 54.Rd8+ Ke7 55.Rxc8 Qg7+ 56.Kc4 Kf6 57.Rd6+ Ke7 58.Rd7+ Ke6
59.Rxg7 Rxg7 60.Nd4+ Kd6 61.Kxb3 Rg3+ 62.Kc4 Rg1 63.Rd8+ Kc7 64.Rd7+ Kc8
65.Kd5  1-0

[Event "Hessen-Niedersachsen"]
[Site "Germany"]
[Date "1989.??.??"]
[Round "?"]
[White "Eng, Holger"]
[Black "Degenhardt, Horst"]
[Result "0-1"]
[WhiteElo "2325"]
[BlackElo "2310"]

1.Nf3 Nf6 2.c4 g6 3.Nc3 Bg7 4.e4 O-O 5.d4 d6 6.Be2 e5 7.Be3 h6 8.h3 Qe7 9.d5 a5
10.g4 Kh7 11.g5 Nh5 12.Qd2 Nf4 13.Bxf4 exf4 14.Qxf4 f5 15.gxf6 Bxf6 16.Qe3 Nd7
17.O-O Ne5 18.Nxe5 Bxe5 19.Rfd1 Bf4 20.Qd3 Qg5+ 21.Kh1 Qh4 22.Bf1 Bg4 23.Bg2 Bxd1
24.Nxd1 Be5 25.Rc1 Qf4 26.Rc2 Qh2+  0-1

[Event "Baden-NRW"]
[Site "Germany"]
[Date "1989.??.??"]
[Round "?"]
[White "Peist, Juergen"]
[Black "Schuh, Hubert"]
[Result "1-0"]
[WhiteElo "2350"]
[BlackElo "2360"]

1.d4 Nf6 2.Nf3 g6 3.c4 Bg7 4.Nc3 O-O 5.e4 d6 6.Be2 e5 7.O-O Nbd7 8.Qc2 c6
9.Rd1 Re8 10.d5 c5 11.Bg5 h6 12.Bh4 Nf8 13.Nd2 Qd7 14.a3 N6h7 15.b4 b6 16.Rab1 Bf6
17.Bxf6 Nxf6 18.bxc5 bxc5 19.Rb2 Ba6 20.Rdb1 Rec8 21.Bd1 Ne8 22.Qa4 Nc7 23.Qa5 Qd8
24.Ba4 Rab8 25.Bc6 Rxb2 26.Rxb2 Nd7 27.Nb5 Rb8 28.Rb1 Rb6 29.Qa4 Nf6 30.Rb3 Nh5
31.Nxa7 Rxb3 32.Qxb3 Nf4 33.Nf3 Kg7 34.a4 f5 35.exf5 gxf5 36.Nb5 e4 37.Qe3 Nd3
38.Ne1 Ne5 39.f3 Kh7 40.fxe4 Nxc4 41.Qf3 Bc8 42.Nxc7 Qxc7 43.exf5 Qa5 44.Nd3 Ne5
45.Nxe5 Qe1+ 46.Qf1 Qxe5 47.f6 Bf5 48.f7 Kg7 49.a5 Kf8 50.a6 Qe3+ 51.Kh1 c4
52.Qg1  1-0

[Event "BL2-W8889"]
[Site "Germany"]
[Date "1989.??.??"]
[Round "?"]
[White "Gawehns, Klaus"]
[Black "Hermesmann, Hans"]
[Result "1-0"]
[WhiteElo "2355"]
[BlackElo "2245"]

1.c4 g6 2.Nc3 Bg7 3.d4 Nf6 4.e4 d6 5.Nf3 O-O 6.Be2 Nbd7 7.O-O e5 8.Re1 c6
9.Bf1 a5 10.Rb1 Re8 11.d5 Nc5 12.Nd2 Bd7 13.b3 Qb6 14.a3 Ng4 15.Qf3 f5 16.b4 axb4
17.axb4 Na4 18.Nxa4 Rxa4 19.c5 dxc5 20.dxc6 Qxc6 21.Qb3+ c4 22.Bxc4+ Kh8
23.h3 Nxf2 24.Kxf2 Bf8 25.b5 Qc5+ 26.Kg3 Rea8 27.Kh2 Ra3 28.Bxa3 Rxa3 29.Qd1 Qf2
30.Rb3 Ra2 31.Rf3  1-0

[Event "BL2-SW8889"]
[Site "Germany"]
[Date "1989.??.??"]
[Round "?"]
[White "Staller, Peter"]
[Black "Fehling, Michael"]
[Result "1/2-1/2"]
[WhiteElo "2355"]
[BlackElo "2275"]

1.d4 Nf6 2.c4 g6 3.Nc3 Bg7 4.e4 d6 5.Be2 O-O 6.Nf3 e5 7.dxe5 dxe5 8.Qxd8 Rxd8
9.Bg5 c6 10.Nxe5 Na6 11.f3 h6 12.Be3 Be6 13.f4 Nb4 14.Rc1 Nd7 15.Nxd7 Rxd7
16.Kf2 Nd3+ 17.Bxd3 Rxd3 18.Rhd1 Bxc4 19.Rxd3 Bxd3 20.Rd1 Bc4 21.Bd4 Rd8
22.Bxg7 Rxd1 23.Nxd1 Kxg7 24.a3 f6  1/2-1/2

[Event "Gothenburg"]
[Site "Gothenburg"]
[Date "1989.??.??"]
[Round "7"]
[White "Carlhammar, Magnus"]
[Black "Winsnes, Rikard"]
[Result "0-1"]
[WhiteElo "2285"]
[BlackElo "2355"]

1.d4 Nf6 2.c4 g6 3.Nc3 Bg7 4.e4 d6 5.Be2 O-O 6.Nf3 e5 7.O-O Nbd7 8.Be3 c6
9.d5 c5 10.Ne1 Ne8 11.Nd3 f5 12.f4 exf4 13.Nxf4 Ne5 14.Ne6 Bxe6 15.dxe6 Qe7
16.exf5 gxf5 17.Nd5 Qxe6 18.Qc2 Kh8 19.Nf4 Qe7 20.Nd5 Qd7 21.Rf2 Nf6 22.Rxf5 Qxf5
23.Qxf5 Nxd5 24.Qxf8+ Rxf8 25.cxd5 Ng6 26.Rb1 Ne7 27.Bc4 a6 28.a4 b5 29.axb5 axb5
30.Bxb5 Nxd5 31.Bf2 Be5 32.Rd1 Nf6 33.Be2 Rb8  0-1

[Event "Gran Canaria op"]
[Site "Gran Canaria"]
[Date "1989.??.??"]
[Round "?"]
[White "Gonzalez, J."]
[Black "Garcia Padron, J."]
[Result "1-0"]
[WhiteElo "2270"]
[BlackElo "2420"]

1.d4 Nf6 2.c4 g6 3.Nc3 Bg7 4.e4 O-O 5.Nf3 d6 6.Be2 e5 7.dxe5 dxe5 8.Qxd8 Rxd8
9.Bg5 Re8 10.O-O h6 11.Be3 c6 12.h3 Nbd7 13.Rfd1 Bf8 14.a3 a5 15.Bd3 Kg7
16.Na4 Nh5 17.Nd2 Nf4 18.Bf1 Ne6 19.Nb3 f5 20.f3 f4 21.Bf2 Kf6 22.c5 Be7
23.Rac1 Bd8 24.Rc2 g5 25.Rcd2 Ndf8 26.Bc4 Bc7 27.Rd3 Ng7 28.Be1 Be6 29.Bxe6 Ngxe6
30.Bc3 h5 31.Nb6 Ra7 32.Na4 Re7 33.Nd2 Rg7 34.Nc4 g4 35.fxg4 hxg4 36.hxg4 Rxg4
37.Rh3 Ra8 38.Nab6 Re8 39.Nd7+ Nxd7 40.Rxd7 Reg8 41.Rh6+ R4g6 42.Rxg6+ Rxg6
43.Rxc7 Nxc7 44.Bxe5+ Ke6 45.Bxc7 f3 46.g3 Rg5 47.Bd6 a4 48.Kf2 Rh5 49.Kxf3 Rh2
50.Be5 Rh1 51.Bc3 Rh5 52.Bd4 Rh2 53.Nb6 Rd2 54.Bc3 Rd3+ 55.Kf4 Rd8 56.Nxa4 Ra8
57.Nb6 Rf8+ 58.Ke3 Rg8 59.Be1 Rg5 60.b4 Rh5 61.Nc4 Rh1 62.Ke2 Rh2+ 63.Bf2  1-0

[Event "Groningen"]
[Site "Groningen"]
[Date "1989.??.??"]
[Round "?"]
[White "Brenninkmeijer, Joris"]
[Black "Spasov, Vasil"]
[Result "1/2-1/2"]
[WhiteElo "2445"]
[BlackElo "2430"]

1.d4 Nf6 2.c4 g6 3.Nc3 Bg7 4.e4 d6 5.Be2 O-O 6.Nf3 e5 7.Be3 Ng4 8.Bg5 f6
9.Bc1 Nc6 10.O-O exd4 11.Nxd4 Nxd4 12.Qxd4 f5 13.Qd5+ Kh8 14.exf5 Rxf5 15.Qd1 Ne5
16.f4 Nc6 17.Be3 Rf8 18.Qd2 Bf5 19.Bf3 Qd7 20.h3 Rae8 21.Rad1 b6 22.b3 a5
23.Kh2 Nb4 24.Bd4 Bxd4 25.Qxd4+ Qg7 26.Qd2 Na6 27.g4 Bc8 28.Qd4 Qxd4 29.Rxd4 Nc5
30.Nd5 Rf7 31.Rdd1 Bb7 32.Rde1 Ref8 33.Re3 c6 34.Nxb6 Rxf4 35.Kg2 d5 36.Re5 Ba6
37.Be2 Rxf1 38.Bxf1 Rb8 39.cxd5 Rxb6 40.d6 Bxf1+ 41.Kxf1 Rb5 42.a4 Rxb3 43.Rxc5 Rd3
44.Rxc6 Kg7 45.Ke2 Rd5 46.Rc7+ Kf6 47.Rxh7 Rxd6 48.Ra7 Kg5 49.Rxa5+ Kh4 50.Rc5 g5
51.a5 Rd4 52.Ke3 Ra4 53.Kd3 Ra3+ 54.Ke4 Rxh3 55.Kf5  1/2-1/2

[Event "Groningen op"]
[Site "Groningen"]
[Date "1989.??.??"]
[Round "2"]
[White "Gupta, Milon"]
[Black "Bosboom, Manuel"]
[Result "0-1"]
[WhiteElo "2260"]
[BlackElo "2375"]

1.d4 g6 2.c4 Bg7 3.e4 d6 4.Nc3 Nd7 5.Nf3 e5 6.Be2 Ngf6 7.O-O O-O 8.Qc2 c6
9.d5 c5 10.g3 Kh8 11.Bg5 a6 12.Nh4 Qe8 13.Rae1 Ng8 14.Bd2 Qd8 15.Ng2 Ne7
16.Ne3 f5 17.f4 exf4 18.gxf4 Bd4 19.Kh1 Nf6 20.Bd3 Nh5 21.Ng2 fxe4 22.Nxe4 Nf5
23.Bc3 b6 24.Be2 Nhg7 25.Ng5 Ra7 26.Nf3 Bxc3 27.Qxc3 Kg8 28.Bd3 Re7 29.Rxe7 Qxe7
30.b4 Nh5 31.bxc5 bxc5 32.Kg1 Nxf4 33.Nxf4 Qe3+ 34.Kh1 Qxf4 35.Qd2 Ne3 36.Rf2 Bg4
37.Be2 Qe4  0-1

[Event "Groningen op"]
[Site "Groningen"]
[Date "1989.??.??"]
[Round "7"]
[White "Legky, Nikolay A"]
[Black "Bosboom, Manuel"]
[Result "0-1"]
[WhiteElo "2420"]
[BlackElo "2375"]

1.d4 Nf6 2.c4 d6 3.Nf3 g6 4.Nc3 Bg7 5.e4 O-O 6.Be2 e5 7.O-O Nbd7 8.Qc2 exd4
9.Nxd4 c6 10.Be3 a6 11.Rad1 Re8 12.Rfe1 Qc7 13.h3 b5 14.b4 Bb7 15.Nb3 Rad8
16.Bf4 Ne5 17.c5 Bc8 18.Bh2 dxc5 19.Nxc5 Rxd1 20.Nxd1 Qe7 21.Nb2 Rd8 22.a3 Bf8
23.Kf1 a5 24.Bg3 axb4 25.axb4 h6 26.Ra1 Nfd7 27.Nxd7 Bxd7 28.f4 Nc4 29.Nxc4 bxc4
30.Qxc4 Qxb4 31.Qxb4 Bxb4 32.Bc4 Re8 33.e5 Be6 34.Rc1 Kg7 35.Bd3 Bd5 36.Rc2 Ra8
37.Kg1 Ra3 38.Bxg6 Kxg6 39.Bh4 Kf5 40.Kh2 Kxf4 41.Re2 Kf5  0-1

[Event "Groningen op"]
[Site "Groningen"]
[Date "1989.??.??"]
[Round "7"]
[White "Serrer, Christoph"]
[Black "Los, Sander"]
[Result "0-1"]
[WhiteElo "2265"]
[BlackElo "2320"]

1.Nf3 Nf6 2.c4 g6 3.Nc3 Bg7 4.e4 O-O 5.d4 d6 6.Be2 Nbd7 7.O-O e5 8.Re1 c6
9.Bf1 exd4 10.Nxd4 Ng4 11.h3 Qb6 12.hxg4 Qxd4 13.Qxd4 Bxd4 14.Bh6 Re8 15.Rad1 Be5
16.f3 Nc5 17.Rd2 Bd7 18.Be3 Rad8 19.Red1 Ne6 20.Ne2 c5 21.g5 Bc6 22.g3 f6
23.gxf6 Bxf6 24.Bh3 Kf7 25.Rxd6 Rxd6 26.Rxd6 Nd4 27.Bxd4 cxd4 28.Bd7 Rd8
29.Be6+ Ke7 30.Rxd8 Kxd8 31.Nc1 Kc7 32.Nd3 b5 33.Kf2 h5 34.b3 g5 35.Bf7 h4
36.gxh4 gxh4 37.Be6 bxc4 38.bxc4 Bg5 39.Bd5 Ba4 40.Be6 Bc2 41.Ke2 Kd6 42.Bh3 Bb1
43.e5+ Kc6 44.f4 Bd8 45.f5 a5 46.Bg2+ Kc7 47.a3 Ba2 48.Bd5 h3 49.Kf2 Bb1
50.Be4 Bh4+ 51.Kf3 Bc2 52.f6 Bd1+ 53.Kf4 Be2 54.f7 Be7 55.Nf2 Bxa3 56.Nxh3 Bxc4
57.Ng5 Be7 58.Kf3 a4 59.Bb1 a3 60.Ke4 d3 61.Nf3 Bxf7 62.Nd2 Bg6+ 63.Kd4 Bb4
64.Ke3 Bc5+ 65.Kf3 Kd7 66.Ba2 Ke7 67.Nb1 Kd7 68.Kf4 Kc6 69.Bb3 Be7 70.Bc4 Kc5
71.Ba2 Kd4 72.e6 Be4 73.Bb3 Bd5 74.Bxd5 Kxd5 75.Ke3 Kc4 76.Kd2 a2 77.Kc1 a1=Q  0-1

[Event "Groningen op"]
[Site "Groningen"]
[Date "1989.??.??"]
[Round "9"]
[White "Hoeksema, Hendrik Pieter"]
[Black "Mestel, A Jonathan"]
[Result "1/2-1/2"]
[WhiteElo "2380"]
[BlackElo "2520"]

1.d4 Nf6 2.Nf3 g6 3.c4 Bg7 4.Nc3 O-O 5.e4 d6 6.Be2 Nbd7 7.O-O e5 8.Re1 c6
9.Bf1 Qe7 10.Rb1 a5 11.b3 exd4 12.Nxd4 Nc5 13.f3 Re8 14.Be3 Nfd7 15.Qd2 Be5
16.Rbd1 Qf8 17.Kh1 Qg7  1/2-1/2

[Event "EU-chT"]
[Site "Haifa"]
[Date "1989.??.??"]
[Round "3"]
[White "Groszpeter, Attila"]
[Black "Ermenkov, Evgenij"]
[Result "1/2-1/2"]
[WhiteElo "2515"]
[BlackElo "2500"]

1.d4 Nf6 2.c4 d6 3.Nc3 Nbd7 4.e4 e5 5.Nf3 g6 6.Be2 Bg7 7.O-O O-O 8.Be3 Ng4
9.Bg5 f6 10.Bh4 Nh6 11.dxe5 dxe5 12.Qc2 c6 13.b4 Nf7 14.c5 Qc7 15.Bg3 Re8
16.h3  1/2-1/2

[Event "EU-chT"]
[Site "Haifa"]
[Date "1989.??.??"]
[Round "6"]
[White "Suba, Mihai"]
[Black "Georgiev, Krum"]
[Result "1/2-1/2"]
[WhiteElo "2500"]
[BlackElo "2480"]

1.Nf3 g6 2.d4 Nf6 3.c4 Bg7 4.Nc3 d6 5.e4 O-O 6.Be2 e5 7.Be3 Ng4 8.Bg5 f6
9.Bc1 Qe8 10.h3 Nh6 11.dxe5 dxe5 12.Be3 Rf7 13.Qc1 Qf8 14.c5 Be6 15.O-O Nc6
16.Rd1 Kh8 17.b4 a6 18.Rb1 Ng8 19.a4 Bh6 20.Nd5 Bxe3 21.Qxe3 Rd7 22.Qc3 Nge7
23.b5 axb5 24.axb5 Bxd5 25.bxc6 Bxc6 26.Rxd7 Bxd7 27.Rxb7 Bc6 28.Rb4 Ng8
29.Bb5 Qe8 30.Qb3 Bxb5 31.Rxb5 Qc6 32.Qc4 Kg7 33.Kh2 Nh6 34.Nd2 Nf7 35.Rb4 Ng5
36.Nb3 Ne6 37.Qd5 Qxd5 38.exd5 Nd8 39.f4 exf4 40.Rxf4 Kf7 41.Re4 Rb8 42.Nd4 Rb4
43.c6 Rc4 44.d6 cxd6 45.Ne6 Rxe4 46.c7 Nxe6 47.c8=Q Nf8 48.Qc7+ Re7 49.Qxd6 h5
50.Qd5+  1/2-1/2

[Event "EU-chT"]
[Site "Haifa"]
[Date "1989.??.??"]
[Round "7"]
[White "Birnboim, Nathan"]
[Black "Vallifuoco, Giacomo"]
[Result "1-0"]
[WhiteElo "2395"]
[BlackElo "2370"]

1.d4 Nf6 2.c4 g6 3.Nc3 Bg7 4.e4 O-O 5.Nf3 d6 6.Be2 e5 7.d5 a5 8.O-O Na6 9.Qc2 Nc5
10.Nd2 Bh6 11.Nb3 Bxc1 12.Raxc1 Nxb3 13.Qxb3 Bd7 14.f4 exf4 15.Rxf4 Be8 16.Rcf1 Nd7
17.Nb5 Ne5 18.Nd4 Bd7 19.Qc3 b6 20.Qg3 Qe7 21.Rf6 Kg7 22.R6f4 Kh8 23.h3 Rae8
24.Rf6 Kg7 25.Qf4 h6 26.Qh4 Rh8 27.Bg4 Nxg4 28.hxg4 Rhf8 29.R1f4 Qe5 30.Qf2 Qe7
31.Nf3 Qxf6 32.Rxf6 Kxf6 33.Qd4+ Ke7 34.e5 dxe5 35.Nxe5 Rd8 36.d6+  1-0

[Event "EU-chT"]
[Site "Haifa"]
[Date "1989.??.??"]
[Round "8"]
[White "Alvarez Ibarra, D Rafael"]
[Black "Cramling, Pia"]
[Result "1/2-1/2"]
[WhiteElo "2365"]
[BlackElo "2480"]

1.d4 Nf6 2.Nf3 g6 3.c4 Bg7 4.Nc3 O-O 5.e4 d6 6.Be2 e5 7.O-O Nbd7 8.Re1 c6
9.Bf1 Ng4 10.h3 Nh6 11.dxe5 dxe5 12.b4 Qe7 13.a3 Re8 14.c5 Nf8 15.Bb2 Ne6
16.Bc4 Nf4 17.Ne2 Be6 18.Bxe6 Nxe2+ 19.Qxe2 Qxe6 20.Red1 Rad8 21.Rxd8 Rxd8
22.Rd1  1/2-1/2

[Event "EU-chT"]
[Site "Haifa"]
[Date "1989.??.??"]
[Round "9"]
[White "Plachetka, Jan"]
[Black "Apicella, Manuel"]
[Result "0-1"]
[WhiteElo "2430"]
[BlackElo "2395"]

1.d4 Nf6 2.Nf3 g6 3.c4 Bg7 4.Nc3 O-O 5.e4 d6 6.Be2 Nbd7 7.O-O e5 8.Be3 c6
9.Qc2 Ng4 10.Bg5 Qe8 11.d5 h6 12.Bh4 g5 13.Bg3 f5 14.exf5 Nc5 15.Nxg5 Bxf5
16.Nge4 Qg6 17.Bxg4 Qxg4 18.f3 Qg6 19.Qe2 Rad8 20.b4 Nxe4 21.fxe4 Bg4 22.Qd3 Bf6
23.dxc6 bxc6 24.b5 cxb5 25.cxb5 Rd7 26.Nd5 Bd8 27.Rxf8+ Kxf8 28.Rf1+ Kg8
29.a4 Be6 30.Kh1 h5 31.Be1 Rg7 32.Rg1 Qh7 33.Bb4 Rg4 34.Re1 Qg6 35.Re2 Qf7
36.Ne3 Rf4 37.Re1 Bb6 38.Bxd6 Bd4 39.Nd5 Rf2 40.Ne7+ Kh7 41.Nc6 Bc4 42.Qb1 Be2
43.Qc1 Qg6 44.Rg1 Bf1 45.Qxf1 Rxf1 46.Rxf1 Qxd6  0-1

[Event "Helsinki"]
[Site "Helsinki"]
[Date "1989.??.??"]
[Round "5"]
[White "Kanko, Ilkka"]
[Black "Ristoja, Thomas W"]
[Result "0-1"]
[WhiteElo "2315"]
[BlackElo "2275"]

1.d4 Nf6 2.c4 g6 3.Nc3 Bg7 4.e4 d6 5.Be2 O-O 6.Nf3 e5 7.d5 a5 8.Bg5 h6 9.Bh4 Qe8
10.O-O Bd7 11.Nd2 Na6 12.b3 Nh7 13.f3 h5 14.a3 Bh6 15.Rb1 Nc5 16.Nb5 Na6
17.b4 axb4 18.axb4 f5 19.exf5 Bxf5 20.Ne4 g5 21.Bf2 Qg6 22.Nbc3 Kh8 23.Be3 Bg7
24.Rb3 g4 25.Qe1 Nb8 26.c5 Nd7 27.Ng3 Bc2 28.Rb2 h4 29.Nge4 gxf3 30.Bxf3 Bd3
31.Qxh4 Bxf1 32.Kxf1 Nf6 33.Ke2 Ra3 34.cxd6 cxd6 35.Bd2 Kg8 36.Nxd6 e4 37.Ndxe4 Re8
38.Kd3 Qh5 39.Qxh5 Rxc3+  0-1

[Event "Helsinki"]
[Site "Helsinki"]
[Date "1989.??.??"]
[Round "7"]
[White "Kanko, Ilkka"]
[Black "Berkell, Peder"]
[Result "1-0"]
[WhiteElo "2315"]
[BlackElo "2300"]

1.d4 Nf6 2.c4 g6 3.Nc3 Bg7 4.e4 d6 5.Be2 O-O 6.Nf3 e5 7.d5 a5 8.Bg5 h6 9.Bh4 Na6
10.O-O Qe8 11.Nd2 Nh7 12.a3 h5 13.f3 Bd7 14.b3 Bh6 15.Rb1 Be3+ 16.Kh1 f5
17.exf5 gxf5 18.f4 Nf6 19.fxe5 Qxe5 20.Qc2 Ng4 21.Nf3 Qg7 22.Rbe1 Rae8 23.h3 Bd4
24.Nd1 Ne3 25.Nxe3 Bxe3 26.Nh2 Qd4 27.Nf3 Qg7 28.Nh2 Re4 29.Bd3 Rxh4 30.Rxe3 Nc5
31.Bxf5 Bxf5 32.Rxf5 Rf4 33.Rxf8+ Kxf8 34.Nf3 Nd7 35.Re1 Nf6 36.Qd2 Qg3 37.Qc3 Kf7
38.Ne5+  1-0

[Event "NLD-ch"]
[Site "Hilversum"]
[Date "1989.??.??"]
[Round "4"]
[White "Blees, Albert"]
[Black "Piket, Jeroen"]
[Result "1-0"]
[WhiteElo "2345"]
[BlackElo "2500"]

1.d4 Nf6 2.c4 d6 3.Nc3 g6 4.e4 Bg7 5.Nf3 O-O 6.Be2 e5 7.O-O Na6 8.b3 exd4
9.Nxd4 Re8 10.f3 c6 11.Bb2 d5 12.exd5 cxd5 13.Qd2 dxc4 14.Bxc4 Be6 15.Bxe6 Rxe6
16.Rad1 Rd6 17.Qf2 Nc7 18.Kh1 Qd7 19.Ba3 Ra6 20.Ndb5 Qc8 21.Be7 Nxb5 22.Nxb5 Qc6
23.a4 Ne8 24.Rfe1 Ra5 25.Bd8 Rxb5 26.axb5 Qxb5 27.Qe2 Qxe2 28.Rxe2 Nf6 29.Rd6 Bf8
30.Be7 Rc8 31.g4 Re8 32.Rd8 Rxd8 33.Bxd8 Nd7 34.Be7 b6 35.Rd2 Nc5 36.Rd8 Ne6
37.Ra8 a5 38.Rb8  1-0

[Event "NLD-ch"]
[Site "Hilversum"]
[Date "1989.??.??"]
[Round "4"]
[White "Vanheste, Jeroen"]
[Black "Douven, Rudy C"]
[Result "1-0"]
[WhiteElo "2410"]
[BlackElo "2445"]

1.d4 Nf6 2.c4 g6 3.Nc3 Bg7 4.e4 O-O 5.Nf3 d6 6.Be2 e5 7.O-O Na6 8.Re1 Qe8
9.Bf1 Bg4 10.d5 Nh5 11.h3 Bd7 12.Rb1 Nc5 13.Nb5 Bxb5 14.cxb5 h6 15.b4 Nd7
16.Rb3 Nhf6 17.Rc3 Qd8 18.Qc2 Ne8 19.Bd3 Ndf6 20.Nd2 Nh5 21.Nc4 Qd7 22.Na5 Rb8
23.Be3 b6 24.Nc6 Ra8 25.Ra3 Kh8 26.Rxa7 Rxa7 27.Nxa7 f5 28.f3 Nef6 29.Rc1 Ra8
30.Nc6 Ra3 31.Re1 g5 32.Bc1 Ra8 33.a4 g4 34.fxg4 fxg4 35.h4 g3 36.Be2 Nf4
37.a5 Ng4 38.Qb3 Nf2 39.Qxg3 Nxe4 40.Qf3 Nxe2+ 41.Rxe2 Nf6 42.Bxh6  1-0

[Event "NLD-ch"]
[Site "Hilversum"]
[Date "1989.??.??"]
[Round "8"]
[White "Vanheste, Jeroen"]
[Black "Piket, Jeroen"]
[Result "1/2-1/2"]
[WhiteElo "2410"]
[BlackElo "2500"]

1.d4 Nf6 2.c4 g6 3.Nc3 Bg7 4.e4 d6 5.Nf3 O-O 6.Be2 e5 7.O-O Nbd7 8.Qc2 c6
9.d5 c5 10.a3 Ne8 11.b4 Qe7 12.Rb1 b6 13.Bd2 f5 14.Ng5 Ndf6 15.exf5 gxf5
16.f4 e4 17.Be3 h6 18.Nh3 Kh8 19.Nf2 Rg8 20.bxc5 bxc5 21.Rb3 Nd7 22.Kh1 Bd4
23.Qd2 Qg7 24.Rg1 Rb8 25.Nb5 Bxe3 26.Rxe3 a6 27.Nc3 Nf8 28.g3 Ng6 29.Nh3 Nf6
30.Rb1 Bd7 31.Qc2 Nh7 32.Rxb8 Rxb8 33.Nd1 Rb6 34.Bh5 Ne7 35.Ng1 Nf6 36.Be2 Be8
37.Nh3 Nh7 38.Nhf2 Qd4 39.Rc3 Nf6 40.Kg2 Kg8 41.Qc1 Ba4 42.Nb2 Bb3 43.Nfd1 Kf8  1/2-1/2

[Event "NLD-ch"]
[Site "Hilversum"]
[Date "1989.??.??"]
[Round "10"]
[White "Van der Sterren, Paul"]
[Black "Piket, Jeroen"]
[Result "1-0"]
[WhiteElo "2500"]
[BlackElo "2500"]

1.d4 Nf6 2.c4 d6 3.Nc3 g6 4.e4 Bg7 5.Nf3 O-O 6.Be2 e5 7.O-O Nbd7 8.Qc2 c6
9.d5 Qc7 10.Be3 Ng4 11.Bd2 f6 12.b4 Nh6 13.Rfd1 Nf7 14.Rab1 Kh8 15.Ne1 a5
16.a3 axb4 17.axb4 Rg8 18.Be3 f5 19.exf5 gxf5 20.Qxf5 Nf6 21.Qc2 Nh6 22.Bxh6 Bxh6
23.Ne4 Bf5 24.Bd3 Bxe4 25.Bxe4 cxd5 26.Bxd5 Rg7 27.c5 dxc5 28.bxc5 Qc8 29.Rb6 Nxd5
30.Rxd5 Ra1 31.Rxe5 Bf4 32.Ree6 Qg8 33.Qb2 Rd1 34.Rxb7 Bh6 35.Rb8 Rd8 36.Rxd8 Qxd8
37.Rxh6 Qe8 38.Qc3  1-0

[Event "Illinois"]
[Site "Illinois"]
[Date "1989.??.??"]
[Round "?"]
[White "Pelts, Peter"]
[Black "Karklins, Andrew"]
[Result "0-1"]
[WhiteElo "2295"]
[BlackElo "2310"]

1.d4 Nf6 2.Nf3 g6 3.c4 Bg7 4.Nc3 O-O 5.e4 d6 6.Be2 e5 7.O-O Nh5 8.g3 exd4
9.Nxd4 Bh3 10.Bxh5 Bxf1 11.Kxf1 Bxd4 12.Qxd4 Nc6 13.Qd1 gxh5 14.Nd5 f6 15.Bh6 Rf7
16.Qxh5 Ne5 17.Ne3 Qd7 18.b3 b5 19.Rc1 Re8 20.Kg2 bxc4 21.bxc4 Ng6 22.f3 Rb8
23.Rc2 Ne5 24.Bf4 Nd3 25.Rd2 Nxf4+ 26.gxf4 Rg7+ 27.Kf2 Qf7 28.Qa5 Qg6 29.Qxa7 Qg1+
30.Ke2 Rg2+ 31.Kd3 Rxd2+ 32.Kxd2 Rb2+ 33.Kd3 Qb1+ 34.Kd4 Rd2+  0-1

[Event "JUG-ch"]
[Site "?"]
[Date "1989.??.??"]
[Round "?"]
[White "Lalic, Bogdan"]
[Black "Strikovic, Aleksa"]
[Result "1-0"]
[WhiteElo "2525"]
[BlackElo "2490"]

1.d4 Nf6 2.c4 g6 3.Nf3 Bg7 4.Nc3 O-O 5.e4 d6 6.Be2 e5 7.O-O exd4 8.Nxd4 Re8
9.f3 c6 10.Kh1 Nbd7 11.Bg5 Qa5 12.Be3 d5 13.Nb3 Qd8 14.cxd5 Nxd5 15.Nxd5 cxd5
16.Qxd5 Bxb2 17.Rad1 Qf6 18.Nd4 Qe7 19.Qb3 Bxd4 20.Bxd4 Ne5 21.Qb2 b6 22.Bb5 Bd7
23.Bxe5 Bxb5 24.Bd6 Qg5 25.f4 Qh5 26.g4 Qxg4 27.Qxb5 Rxe4 28.Qc6 Ree8 29.Be5 Qf5
30.Rd6 Rac8 31.Qd5  1-0

[Event "JUG-ch"]
[Site "?"]
[Date "1989.??.??"]
[Round "?"]
[White "Paunovic, Dragan"]
[Black "Djuric, Stefan"]
[Result "1/2-1/2"]
[WhiteElo "2460"]
[BlackElo "2475"]

1.d4 Nf6 2.c4 g6 3.Nc3 Bg7 4.e4 d6 5.Nf3 O-O 6.Be2 c6 7.O-O e5 8.Qc2 exd4
9.Nxd4 Ng4 10.Bxg4 Bxg4 11.Be3 c5 12.Nde2 Nc6 13.f3 Be6 14.Nd5 b5 15.cxb5 Bxd5
16.bxc6 Bxc6 17.Rad1 Qe7 18.Qd2 d5 19.exd5 Bxd5 20.Bg5 Qe5 21.Nc3 Be6 22.Rfe1 Qd4+
23.Be3 Qc4 24.Rc1 Rfd8 25.Qf2 Rac8 26.b3 Qb4 27.Ne4 c4 28.Qh4 h5 29.bxc4 a5
30.Bg5 Rd4 31.Be7 Qb2 32.Rb1 Qxa2 33.Bf6 Rd7 34.f4 Qxc4 35.Bxg7 Kxg7 36.Qf2 a4
37.Qb2+ Qd4+ 38.Re3 Qxb2 39.Rxb2 Bb3 40.Kf2 Kh6  1/2-1/2

[Event "Karvina op"]
[Site "Karvina"]
[Date "1989.??.??"]
[Round "3"]
[White "Kotrba, T."]
[Black "Hadraba, Vladimir"]
[Result "1-0"]
[WhiteElo "2260"]
[BlackElo "2255"]

1.d4 Nf6 2.Nf3 g6 3.c4 Bg7 4.Nc3 O-O 5.e4 d6 6.Be2 e5 7.Be3 Qe7 8.dxe5 dxe5
9.Nd5 Nxd5 10.cxd5 c6 11.Bc4 cxd5 12.Bxd5 Na6 13.Rc1 Be6 14.O-O Rfd8 15.Qb3 Bxd5
16.exd5 Qb4 17.Rfd1 Qxb3 18.axb3 Rd7 19.d6 f6 20.b4 Nxb4 21.Rc7 Rad8 22.Rxd7 Rxd7
23.Bxa7 Na6 24.b4 Nxb4 25.Nd2 Na6 26.Nc4 Bf8 27.Bb6 Kf7 28.Kf1 Ke6 29.Ke2 Bxd6
30.Nxd6 Rxd6 31.Rb1 Kd7 32.g4 Nc7 33.Ba5 Kc8 34.h4 Nd5 35.g5 f5 36.Rc1+ Kd7
37.Rb1 b6 38.Bd2 e4 39.Rb2 Rc6 40.Ke1 Kc7 41.Rb5 Rc5 42.Rb3 Rc4 43.h5 Kd6
44.hxg6 hxg6 45.f3 Ke5 46.Ke2 Rc2 47.fxe4 fxe4 48.Kd1 Ra2  1-0